Temas transversales y educación en valores

Guardat en:
Dades bibliogràfiques
Autor principal: González Lucini, Fernando (Autor)
Format: Llibre
Idioma:espanyol
Publicat: Madrid Grupo Anaya 1998
Edició:5a. ed
Col·lecció:Hacer Reforma
Matèries:
Etiquetes: Afegir etiqueta
Sense etiquetes, Sigues el primer a etiquetar aquest registre!

MARC

LEADER 00000nam a2200000 a 4500
001 UCH8026
003 CL-VaPUC
008 091127e19980000SP |||||||||||||||||spa|d
020 |a 8420761478 
082 0 4 |a 370.114  |b GON  |2 21 
100 |a González Lucini, Fernando  |e author  |9 544411 
245 1 0 |a Temas transversales y educación en valores 
250 |a 5a. ed 
300 |a 150 p 
942 |c BK 
945 |d 20091127 00:00:00  |a lazolas 
260 |a Madrid  |b Grupo Anaya  |c 1998 
650 0 |a Educación moral  |9 308319 
650 0 |a Valores morales   |9 310604 
650 0 |a Filosofía de la educación   |9 258384 
650 0 |a Planificación de la educación   |9 307333 
583 |a last modification  |c 20091127 00:00:00  |k Rodrigo Vera 
490 0 |a Hacer Reforma 
999 |c 338295  |d 338293